| 000 | 00477nam a2200157Ia 4500 | ||
|---|---|---|---|
| 008 | 231217s9999 xx 000 0 und d | ||
| 041 | _aEnglish | ||
| 082 | _a001.6404 LIU;42 | ||
| 100 | _aLiu, Yu ChengGibson, Glenn A | ||
| 245 | 0 | _aMicrocomputer systems : the 8086/8088 family architecture programming and design | |
| 250 | _a2nd ed. | ||
| 260 |
_c1986 _bPHI _aNew Delhi |
||
| 300 | _aix+623 | ||
| 650 | _aMicrocomputer,systems,:,architecture,programming | ||
| 942 | _cAA | ||
| 999 |
_c173321 _d173321 |
||